000 01055nam a2200217Ia 4500
003 Ost
005 20260507075516.0
008 260507s9999||||xx |||||||||||||| ||und||
020 _a9789957499556
040 _cfsecg
041 _aara
082 _a658.8
100 _aعاطف، زاهر عبد الرحيم
_eمؤلف
245 0 _aمفاهيم تسويقية حديثة /
_c زاهر عبد الرحيم عاطف
260 _aعمان:
_bدار الراية,
_c2009
300 _a298 صفحة؛
_bإيضاحات ؛
_c25 سم
504 _aببليوغرافيا:ص ص.297-298
520 _aمقدمة في التسويق،نظام المعلومات التسويقية،أدوات التسويق الحديثة،المزيج التسويقي،تحليل البيئة التسويقية،تخطيط وتنظيم النشاط التسويقي،التسويق الالكتروني،دراسة الجدوى التسويقية،سلوك المستهلك،تسويق الخدمات المصرفية
653 _aالتسويق
942 _cكتاب
999 _c44755
_d44755